Central Library OPAC University of Rajshahi

The theory of the leisure class : an economic study of institutions / (Record no. 42793)

MARC details
000 -LEADER
fixed length control field 00653nam a2200217 a 4500
001 - CONTROL NUMBER
control field 42793
003 - CONTROL NUMBER IDENTIFIER
rucl marc code BD-RjUL
005 - DATE AND TIME OF LATEST TRANSACTION
control field 20211209053607.0
008 - FIXED-LENGTH DATA ELEMENTS--GENERAL INFORMATION
fixed length control field 160615s1953 nyu 001 0 eng u
035 ## - SYSTEM CONTROL NUMBER
System control number (BD-RjUL)42911
040 ## - CATALOGING SOURCE
Original cataloging agency ACL
Language of cataloging eng
Transcribing agency BD-RjUL
Modifying agency m.c
-- BD-RjUL
041 ## - LANGUAGE CODE
Language code of text/sound track or separate title eng
082 ## - DEWEY DECIMAL CLASSIFICATION NUMBER
Edition number 23
Classification number 305.5234
Author mark and year VET 1953
100 1# - MAIN ENTRY--PERSONAL NAME
Personal name Veblen, Thorstein.
9 (RLIN) 131515
245 14 - TITLE STATEMENT
Title The theory of the leisure class : an economic study of institutions /
Statement of responsibility, etc. by Thorstein Veblen.
260 ## - PUBLICATION, DISTRIBUTION, ETC. (IMPRINT)
Place of publication, distribution, etc. New York :
Name of publisher, distributor, etc. New American Library,
Date of publication, distribution, etc. 1953.
300 ## - PHYSICAL DESCRIPTION
Pagination xix, 404 p. ;
Size 20 cm.
504 ## - BIBLIOGRAPHY, ETC. NOTE
Bibliography, etc Includes index.
650 #0 - SUBJECT ADDED ENTRY--TOPICAL TERM
Topical term or geographic name as entry element Leisure class
9 (RLIN) 131516
942 ## - ADDED ENTRY ELEMENTS (KOHA)
Source of classification or shelving scheme Dewey Decimal Classification
Koha item type Books
Holdings
Lost status Source of classification or shelving scheme Damaged status Not for loan Collection code Permanent Location Current Location Shelving location Date acquired Source of acquisition Total Checkouts Full call number Date last seen Copy number Koha item type
  Dewey Decimal Classification   Not For Loan Non-fiction Central Library, University of Rajshahi Central Library, University of Rajshahi Reading Room 27/10/1990 Shawkat Osman, Dhaka   305.5234 VET 1953 15/06/2016 C-1 Books